000 00237nam a22001097a 4500
999 _c260947
_d260946
020 _a9780689835827
100 _aPhyllis Reynolds Naylor
245 _aShiloh
260 _aUSA
_bSimon & Schuster
_c2000
300 _a137 pgs
942 _cBK